Managing Cultural Differences in the 21st Century bakalárska práca

Gespeichert in:
Bibliographische Detailangaben
1. Verfasser: Mesíková, Erika
Körperschaft: Fakulta aplikovaných jazykov EU v Bratislave. Katedra interkultúrnej komunikácie
Weitere Verfasser: Némethová, Ildikó, 1974-
Format: Buch
Sprache:Englisch
Veröffentlicht: Bratislava 2013
Tags: Tag hinzufügen
Keine Tags, Fügen Sie das erste Tag hinzu!

MARC

LEADER 00000nbm a2200000 4500
001 0170128
005 20161109112014.3
041 0 |a eng 
044 |a SK 
245 1 0 |a Managing Cultural Differences in the 21st Century  |b bakalárska práca  |c Erika Mesíková ; školiteľ: Ildikó Némethová 
264 1 |a Bratislava  |c 2013 
300 |a 36 s. 
100 1 |a Mesíková, Erika 
700 1 |a Némethová, Ildikó, 1974- 
710 2 |a Fakulta aplikovaných jazykov EU v Bratislave. Katedra interkultúrnej komunikácie